书目信息 |
| 题名: |
保罗·鲁道夫设计作品集
|
|
| 作者: | 德阿尔巴, 著 ;侯兆铭 , 周圆 译 | |
| 分册: | 下 晚期作品 | |
| 出版信息: | 北京 中国建筑工业出版社 2005.12 |
|
| 页数: | 220页 | |
| 开本: | 21×26cm | |
| 丛书名: | ||
| 单 册: | ||
| 中图分类: | TU206 | |
| 科图分类: | ||
| 主题词: | 建筑设计--jian zhu she ji--美国--现代--作品集 | |
| 电子资源: | ||
| ISBN: | 7-112-07525-4 | |
| 000 | 01121nam0 2200265 450 | |
| 001 | 012006340299 | |
| 005 | 20061201144028.15 | |
| 010 | @a7-112-07525-4@dCNY66.00 | |
| 100 | @a20061112d2005 km y0chiy0120 ea | |
| 101 | 1 | @achi@ceng |
| 102 | @aCN@b110000 | |
| 105 | @aa a 000yy | |
| 200 | 1 | @a保罗·鲁道夫设计作品集@Abao luo·lu dao fu she ji zuo pin ji@h下@i晚期作品@f(美) 罗伯托·德阿尔巴著@F(mei)luo bo tuo·de a er ba zhu@g侯兆铭, 周圆译@Ghou zhao ming,zhou yuan yi |
| 210 | @a北京@c中国建筑工业出版社@d2005.12 | |
| 215 | @a220页@c图 (部分彩图)@d21×26cm | |
| 320 | @a有书目 (第220页)。 | |
| 330 | @a本书所收集的晚期作品由保罗·鲁道夫先生亲自挑选,第一次出版面向读者,包括住宅、高层建筑、小教堂、社团办公楼以及城市设计等等,许多已建成。所有的建筑作品都展现出复杂的空间、光影与体量之间相互作用的关系。 | |
| 517 | 1 | @a晚期作品@Awan qi zuo pin |
| 606 | 0 | @a建筑设计@Ajian zhu she ji@y美国@z现代@j作品集 |
| 690 | @aTU206@v4 | |
| 701 | 1 | @a德阿尔巴,@Ade a er ba,@b罗伯托@4著 |
| 702 | 0 | @a侯兆铭@Ahou zhao ming@4译 |
| 702 | 0 | @a周圆@Azhou yuan@4译 |
| 801 | 0 | @aCN@c20061201 |
| 905 | @a10447@dTU206@eD200:2 | |
| 保罗·鲁道夫设计作品集.下.晚期作品/(美) 罗伯托·德阿尔巴著/侯兆铭, 周圆译.-北京:中国建筑工业出版社,2005.12 |
| 220页:图 (部分彩图);21×26cm |
| ISBN 7-112-07525-4:CNY66.00 |
| 本书所收集的晚期作品由保罗·鲁道夫先生亲自挑选,第一次出版面向读者,包括住宅、高层建筑、小教堂、社团办公楼以及城市设计等等,许多已建成。所有的建筑作品都展现出复杂的空间、光影与体量之间相互作用的关系。 |
| ● |
| 相关链接 |
|
|
|
正题名:保罗·鲁道夫设计作品集
索取号:TU206/D200:2
 
预约/预借
| 序号 | 登录号 | 条形码 | 馆藏地/架位号 | 状态 | 备注 |
| 1 | 227630 | 202276303 | 建筑库101/101建筑库 40排5列5层/ [索取号:TU206/D200:2] | 在馆 | |
| 2 | 227631 | 202276312 | 建筑库101/101建筑库 40排5列5层/ [索取号:TU206/D200:2] | 在馆 |